Educación psicomotriz en preescolar y ciclo preparatorio
Furkejuvvon:
| Váldodahkki: | |
|---|---|
| Materiálatiipa: | Girji |
| Giella: | espánnjágiella |
| Almmustuhtton: |
Madrid
Narcea
1984
|
| Preanttus: | 3a. ed |
| Ráidu: | Proyecto 5/8
|
| Fáttát: | |
| Fáddágilkorat: |
Lasit fáddágilkoriid
Eai fáddágilkorat, Lasit vuosttaš fáddágilkora!
|
MARC
| LEADER | 00000nam a2200000 a 4500 | ||
|---|---|---|---|
| 001 | UCY8927 | ||
| 003 | CL-VaPUC | ||
| 008 | 950707e19840000SP |||||||||||||||||spa|d | ||
| 082 | 0 | 4 | |a 152.3 |b FER |2 21 |
| 100 | 0 | |a Fernández Iriarte, María Jesús |e author |9 340764 | |
| 245 | 1 | 0 | |a Educación psicomotriz en preescolar y ciclo preparatorio |
| 250 | |a 3a. ed | ||
| 300 | |a 70 p | ||
| 942 | |c BK | ||
| 945 | |d 19950707 00:00:00 |a cmena | ||
| 260 | |a Madrid |b Narcea |c 1984 | ||
| 650 | 7 | |a EDUCACION PSICOMOTRIZ |2 CL-VaPUC |9 307559 | |
| 650 | 0 | |a Educación preescolar |9 260381 | |
| 650 | 0 | |a Educación básica |9 224933 | |
| 650 | 0 | |a Desarrollo motor |9 313002 | |
| 650 | 0 | |a Desarrollo individual |9 307875 | |
| 650 | 0 | |a Desarrollo mental |9 313003 | |
| 583 | |a last modification |c 19950707 00:00:00 |k Rodrigo Vera | ||
| 490 | 0 | |a Proyecto 5/8 | |
| 999 | |c 236105 |d 236103 | ||
| 952 | |0 0 |1 0 |4 0 |6 152_300000000000000_FER_1984 |7 0 |8 P |9 243960 |a BIBEDU |b BIBEDU |c BIBEDU_PB |d 2019-11-18 |i 1526901 |o 152.3 FER 1984 |p 1526901 |r 2024-01-25 |w 2019-11-18 |y BK |k EDU | ||